大手私鉄同士で乗り換えができる駅 - Statistics

General Stats
  • This quiz has been taken 870 times
    838 since last reset
  • The average score is 29 of 42
Answer Stats
会社 答え % Correct
西武・京王・小田急・メトロ 西武新宿
95%
東武・西武・メトロ 池袋
94%
京王・東急・メトロ 渋谷
91%
東武・メトロ・京成 押上
90%
東武・メトロ 北千住
89%
東武・メトロ 和光市
86%
東急・相鉄・京急 横浜
85%
東武・メトロ 浅草
82%
近鉄・阪神・南海 大阪難波
82%
相鉄・小田急 海老名
80%
小田急・メトロ 代々木上原
80%
京王・小田急 下北沢
79%
京成・メトロ 京成上野
79%
名鉄・近鉄 名鉄名古屋
79%
西武・メトロ 小竹向原
78%
東急・相鉄 新横浜
78%
京王・小田急 京王多摩センター
75%
東急・メトロ 中目黒
75%
東急・メトロ 目黒
74%
西武・メトロ 高田馬場
73%
相鉄・小田急 湘南台
72%
阪急・阪神 大阪梅田
72%
東急・小田急 中央林間
71%
相鉄・小田急 大和
69%
京王・小田急 京王永山
68%
阪急・阪神 神戸三宮
67%
京王・東急 下高井戸
64%
東武・京成 船橋
61%
名鉄・近鉄 近鉄弥富
57%
近鉄・京阪 近鉄丹波橋
57%
京成・メトロ 町屋
56%
京成・東武 京成関屋
55%
阪急・阪神 新開地
55%
阪急・阪神 高速神戸
55%
東武・メトロ 成増
54%
東武・京成 新鎌ヶ谷
52%
小田急・東急 豪徳寺
50%
近鉄・南海 河内長野
50%
京阪・阪急 祇園四条
48%
東武・メトロ 下赤塚
44%
阪急・阪神 今津
43%
阪神・南海 桜川
40%
No matching quizzes found
Score Distribution
Percent of People with Each Score
Percentile by Number Answered
Your Score History
You have not taken this quiz since the last reset